[Event "BL 0809 USV TU Dresden - SC Eppingen"]
[Site "Eppingen GER"]
[Date "2008.12.14"]
[Round "9"]
[White "Tiviakov, Sergei"]
[Black "Maiwald, Jens-Uwe"]
[Result "1-0"]
[WhiteElo "2686"]
[BlackElo "2508"]
[PlyCount "79"]
[EventDate "2008.10.03"]
[EventType "team"]
[EventRounds "15"]
[EventCountry "GER"]
[Source "Mark Crowther"]
[SourceDate "2008.12.15"]
[WhiteTeamCountry "TRI"]

1. e4 c5 2. Nf3 e6 3. c3 Nf6 4. e5 Nd5 5. g3 d6 6. exd6 Bxd6 7. Bg2 Nc6 8. O-O
O-O 9. d4 cxd4 10. Nxd4 Nxd4 11. Qxd4 Qc7 12. Nd2 Rd8 13. Qd3 Be7 14. Qe2 Rb8
15. Nc4 Qc5 16. Ne5 f6 17. Ng4 e5 18. Ne3 Nb6 19. c4 Be6 20. b3 Qa5 21. Qc2 Kh8
22. Bb2 Qd2 23. Rfd1 Qxc2 24. Nxc2 Nd7 25. Ne3 Nc5 26. Nd5 Bf8 27. Rd2 Rd7 28.
Bc3 Rbd8 29. Rad1 Kg8 30. Nc7 Rxd2 31. Rxd2 Rxd2 32. Bxd2 Bf7 33. b4 Ne6 34.
Nxe6 Bxe6 35. c5 Bxa2 36. Bxb7 Kf7 37. c6 Bd5 38. b5 Bc5 39. Ba5 Ke7 40. Ba6
1-0

[Event "BL 0809 USV TU Dresden - SC Eppingen"]
[Site "Eppingen GER"]
[Date "2008.12.14"]
[Round "9"]
[White "Berkes, Ferenc"]
[Black "Hoffmann, Paul"]
[Result "1-0"]
[WhiteElo "2645"]
[BlackElo "2469"]
[PlyCount "39"]
[EventDate "2008.10.03"]
[EventType "team"]
[EventRounds "15"]
[EventCountry "GER"]
[Source "Mark Crowther"]
[SourceDate "2008.12.15"]
[WhiteTeamCountry "TRI"]

1. Nf3 c5 2. g3 Nc6 3. Bg2 g6 4. c4 Bg7 5. Nc3 Nf6 6. d4 cxd4 7. Nxd4 O-O 8.
O-O Ng4 9. e3 Nge5 10. b3 d6 11. h3 Nxd4 12. exd4 Nc6 13. Be3 Qa5 14. Rc1 e5
15. dxe5 dxe5 16. Qd5 Rd8 17. Qxa5 Nxa5 18. Rfd1 Bd7 19. Nb5 Nc6 20. Nd6 1-0

[Event "BL 0809 USV TU Dresden - SC Eppingen"]
[Site "Eppingen GER"]
[Date "2008.12.14"]
[Round "9"]
[White "Eichner, Sebastian"]
[Black "Balogh, Csaba"]
[Result "1/2-1/2"]
[WhiteElo "2326"]
[BlackElo "2616"]
[PlyCount "76"]
[EventDate "2008.10.03"]
[EventType "team"]
[EventRounds "15"]
[EventCountry "GER"]
[Source "Mark Crowther"]
[SourceDate "2008.12.15"]
[WhiteTeamCountry "TRI"]

1. Nf3 Nf6 2. c4 e6 3. Nc3 Bb4 4. Qc2 c5 5. a3 Ba5 6. g3 Nc6 7. Bg2 O-O 8. O-O
d6 9. d3 h6 10. e3 e5 11. Nd2 Bd7 12. Nd5 Nxd5 13. cxd5 Ne7 14. Nc4 Bc7 15. a4
Qc8 16. f4 Ng6 17. Qf2 f5 18. Bd2 Qe8 19. Bc3 exf4 20. gxf4 Bxa4 21. Rxa4 Qxa4
22. Qg3 Kh7 23. e4 Rf7 24. exf5 Ne7 25. Be4 Kh8 26. f6 gxf6 27. Qh4 Ng8 28. Ne3
Re8 29. Ng4 Rxe4 30. dxe4 Qxe4 31. Nxh6 Rh7 32. Bxf6+ Nxf6 33. Qxf6+ Rg7+ 34.
Ng4 Qxd5 35. Kf2 Qd2+ 36. Kf3 Qd5+ 37. Kf2 Qd2+ 38. Kf3 Qd5+ 1/2-1/2

[Event "BL 0809 USV TU Dresden - SC Eppingen"]
[Site "Eppingen GER"]
[Date "2008.12.14"]
[Round "9"]
[White "Bindrich, Falko"]
[Black "Loxine, Jakov"]
[Result "1/2-1/2"]
[WhiteElo "2517"]
[BlackElo "2338"]
[PlyCount "115"]
[EventDate "2008.10.03"]
[EventType "team"]
[EventRounds "15"]
[EventCountry "GER"]
[Source "Mark Crowther"]
[SourceDate "2008.12.15"]
[WhiteTeamCountry "TRI"]

1. d4 Nf6 2. c4 g6 3. g3 Bg7 4. Bg2 O-O 5. Nc3 d6 6. Nf3 Nbd7 7. O-O e5 8. h3
exd4 9. Nxd4 Re8 10. b3 Nc5 11. Bb2 c6 12. Qc2 a5 13. Rab1 Qb6 14. Ba1 Nfe4 15.
Nxe4 Nxe4 16. e3 f5 17. Rfd1 Qc7 18. Ne2 Be6 19. Bxg7 Qxg7 20. Rd4 d5 21. Nf4
Qe5 22. Nxe6 Qxe6 23. cxd5 cxd5 24. Qd3 Red8 25. Rd1 Rac8 26. Rxd5 Rxd5 27.
Qxd5 Qxd5 28. Rxd5 Rc1+ 29. Kh2 Nxf2 30. Rxa5 Rc2 31. Bxb7 Ne4+ 32. Kg1 Rc1+
33. Kg2 Rc2+ 34. Kf1 Nxg3+ 35. Kg1 Ne2+ 36. Kf1 Ng3+ 37. Kg1 Ne2+ 38. Kf2 Nc3+
39. Kf3 Nxa2 40. Bd5+ Kg7 41. Ra7+ Kf6 42. Rxh7 Nb4 43. Bc4 Nc6 44. Rf7+ Kg5
45. Kg3 Ne5 46. h4+ Kh6 47. Rc7 g5 48. Rc5 f4+ 49. exf4 gxf4+ 50. Kh3 Rc3+ 51.
Kg2 Rc2+ 52. Kf1 Nxc4 53. bxc4 f3 54. h5 Rb2 55. Rf5 Rc2 56. Rc5 Rb2 57. Ke1
Rc2 58. Kf1 1/2-1/2

[Event "BL 0809 USV TU Dresden - SC Eppingen"]
[Site "Eppingen GER"]
[Date "2008.12.14"]
[Round "9"]
[White "Medvegy, Zoltan"]
[Black "Graf, Felix"]
[Result "1-0"]
[WhiteElo "2556"]
[BlackElo "2636"]
[PlyCount "113"]
[EventDate "2008.10.03"]
[EventType "team"]
[EventRounds "15"]
[EventCountry "GER"]
[Source "Mark Crowther"]
[SourceDate "2008.12.15"]
[WhiteTeamCountry "TRI"]

1. d4 Nf6 2. c4 e6 3. Nf3 b6 4. g3 Ba6 5. Qc2 Bb4+ 6. Bd2 Be7 7. e4 d5 8. cxd5
Bxf1 9. Kxf1 exd5 10. e5 Ne4 11. Nc3 Nxc3 12. bxc3 O-O 13. h4 c5 14. Ng5 Bxg5
15. hxg5 g6 16. Kg2 Nd7 17. Qd1 Qe7 18. Qg4 Qe6 19. Qh4 Rfc8 20. Qxh7+ Kf8 21.
Qh4 Ke7 22. Qf4 Rh8 23. Rh6 Rac8 24. Bc1 Rhe8 25. Rh7 Rh8 26. Rh6 Rhe8 27. Ba3
Rc7 28. Rh7 Rg8 29. Re1 Rcc8 30. Qf3 Rh8 31. Rh6 Rhd8 32. Rh7 Rh8 33. Rh6 Rhd8
34. Re3 a5 35. Rh7 Rh8 36. Rh6 Rhd8 37. g4 Rc7 38. Qe2 b5 39. dxc5 b4 40. cxb4
d4 41. c6 Qd5+ 42. Qf3 Qxf3+ 43. Rxf3 Nxe5 44. Rf6 Nxc6 45. Rh7 Ke8 46. Rh8+
Kd7 47. Rxf7+ Kc8 48. Rxc7+ Kxc7 49. Rxd8 Kxd8 50. bxa5 d3 51. Kf1 Nxa5 52. Bb4
Nc4 53. Ke1 Kd7 54. a4 Kc6 55. f4 Ne3 56. Bd2 Nc4 57. f5 1-0

[Event "BL 0809 USV TU Dresden - SC Eppingen"]
[Site "Eppingen GER"]
[Date "2008.12.14"]
[Round "9"]
[White "Salzmann, Peter"]
[Black "Guliyev, Namig"]
[Result "0-1"]
[WhiteElo "2209"]
[BlackElo "2521"]
[PlyCount "44"]
[EventDate "2008.10.03"]
[EventType "team"]
[EventRounds "15"]
[EventCountry "GER"]
[Source "Mark Crowther"]
[SourceDate "2008.12.15"]
[WhiteTeamCountry "TRI"]

1. d4 d5 2. Nf3 Nf6 3. g3 e6 4. Bg2 Nbd7 5. c4 dxc4 6. Qa4 a6 7. Qxc4 b5 8. Qc2
Bb7 9. O-O c5 10. a4 cxd4 11. Nxd4 Rc8 12. Qd1 Bxg2 13. Kxg2 b4 14. Bg5 Nc5 15.
e3 Qd5+ 16. Nf3 Qxd1 17. Rxd1 Nfe4 18. g4 f6 19. Bf4 Nb3 20. Ra2 e5 21. Bg3 Be7
22. a5 Kf7 0-1

[Event "BL 0809 SC Kreuzberg - OSG Baden Baden"]
[Site "Eppingen GER"]
[Date "2008.12.14"]
[Round "9"]
[White "Nisipeanu, Liviu-Dieter"]
[Black "Shengelia, Davit"]
[Result "1-0"]
[WhiteElo "2684"]
[BlackElo "2547"]
[PlyCount "89"]
[EventDate "2008.10.03"]
[EventType "team"]
[EventRounds "15"]
[EventCountry "GER"]
[Source "Mark Crowther"]
[SourceDate "2008.12.15"]
[WhiteTeamCountry "TRI"]

1. e4 c5 2. c3 Nf6 3. e5 Nd5 4. Nf3 e6 5. d4 cxd4 6. cxd4 b6 7. a3 Be7 8. Bd3
Ba6 9. Be4 Nc6 10. Bd2 Rc8 11. Qa4 Nb8 12. Nc3 Nxc3 13. Bxc3 O-O 14. Qc2 g6 15.
h4 d5 16. Bd3 Bxd3 17. Qxd3 Nd7 18. Qe3 Re8 19. Bb4 Nf8 20. h5 Rc4 21. hxg6
fxg6 22. Bxe7 Qxe7 23. O-O Rec8 24. g3 Qf7 25. g4 Rc2 26. Rab1 Qc7 27. Ne1 Rc4
28. Nd3 Qe7 29. Kg2 Qh4 30. f3 Rc2+ 31. Rf2 Rxf2+ 32. Nxf2 Rc2 33. g5 Rc4 34.
Rd1 h6 35. gxh6 Nh7 36. Rh1 Qxd4 37. Qxd4 Rxd4 38. b3 Rd2 39. Rc1 d4 40. Rc8+
Kf7 41. Rc7+ Kg8 42. Kg3 d3 43. Ne4 Rc2 44. Rg7+ Kh8 45. Rd7 1-0

[Event "BL 0809 SC Kreuzberg - OSG Baden Baden"]
[Site "Eppingen GER"]
[Date "2008.12.14"]
[Round "9"]
[White "Figura, Atila"]
[Black "Naiditsch, Arkadij"]
[Result "0-1"]
[WhiteElo "2412"]
[BlackElo "2678"]
[PlyCount "112"]
[EventDate "2008.10.03"]
[EventType "team"]
[EventRounds "15"]
[EventCountry "GER"]
[Source "Mark Crowther"]
[SourceDate "2008.12.15"]
[WhiteTeamCountry "TRI"]

1. d4 Nf6 2. c4 e6 3. Nc3 Bb4 4. Qc2 d5 5. a3 Bxc3+ 6. Qxc3 O-O 7. Bg5 h6 8.
Bxf6 Qxf6 9. e3 dxc4 10. Qxc4 e5 11. Nf3 exd4 12. Nxd4 Na6 13. Qc3 c5 14. Ne2
Qxc3+ 15. Nxc3 Nc7 16. Bc4 Rd8 17. Ke2 Bd7 18. a4 Bc6 19. f3 Kf8 20. Rhd1 Rxd1
21. Rxd1 Ke7 22. b3 b6 23. Nd5+ Nxd5 24. Bxd5 Rc8 25. Bxc6 Rxc6 26. Rc1 h5 27.
g3 f5 28. e4 fxe4 29. fxe4 g5 30. Ke3 Rf6 31. b4 cxb4 32. e5 Rf8 33. Rc7+ Ke6
34. Rxa7 Kd5 35. e6 Kxe6 36. Rb7 Kd5 37. Rxb6 Kc4 38. a5 Re8+ 39. Kd2 Rd8+ 40.
Kc2 Rf8 41. h4 Rf2+ 42. Kc1 g4 43. a6 Ra2 44. Rh6 Kc3 45. Kb1 Ra5 46. Rc6+ Kb3
47. Rh6 Kc3 48. Rc6+ Kd4 49. Kb2 Ra3 50. Rh6 Ke4 51. Rf6 Ke3 52. Kc2 Ke2 53.
Re6+ Kf2 54. Rd6 Rc3+ 55. Kb2 Kxg3 56. Rd1 Rc8 0-1

[Event "BL 0809 SC Kreuzberg - OSG Baden Baden"]
[Site "Eppingen GER"]
[Date "2008.12.14"]
[Round "9"]
[White "Nielsen, Peter Heine"]
[Black "Schilow, Wladimir"]
[Result "1-0"]
[WhiteElo "2662"]
[BlackElo "2410"]
[PlyCount "121"]
[EventDate "2008.10.03"]
[EventType "team"]
[EventRounds "15"]
[EventCountry "GER"]
[Source "Mark Crowther"]
[SourceDate "2008.12.15"]
[WhiteTeamCountry "TRI"]

1. d4 Nf6 2. c4 e6 3. Nf3 b6 4. g3 Ba6 5. Qc2 Bb4+ 6. Bd2 Bxd2+ 7. Nbxd2 d5 8.
Bg2 O-O 9. O-O c6 10. b4 Nbd7 11. a4 Qe7 12. Rfb1 c5 13. dxc5 bxc5 14. b5 Bb7
15. a5 Rac8 16. e3 Rfd8 17. Rd1 h6 18. Rac1 Qd6 19. Qa4 Qb8 20. Qa3 dxc4 21.
Nxc4 Bd5 22. Qa4 Ne4 23. Nfd2 Ndf6 24. Nxe4 Nxe4 25. b6 Nf6 26. bxa7 Qxa7 27.
Nb6 Rb8 28. Qb5 c4 29. f3 Bb7 30. e4 Ba6 31. Qc5 Rdc8 32. Qe3 Rc7 33. Bf1 Bb5
34. Ra1 Qa6 35. Rdb1 Nd7 36. Nxd7 Rxd7 37. Bxc4 Rdb7 38. Bxb5 Rxb5 39. Rxb5
Rxb5 40. Qc3 Kh7 41. Kg2 Rb7 42. Qc2 e5 43. g4 Rd7 44. Ra2 Rd4 45. Qb1 Rd6 46.
Qf1 Qa7 47. a6 f6 48. Qf2 Rd4 49. h4 Kg6 50. f4 Kh7 51. fxe5 fxe5 52. Qf5+ Kg8
53. Qc8+ Kh7 54. g5 hxg5 55. hxg5 Rd7 56. Qe8 Rf7 57. Qxe5 Qd7 58. g6+ Kxg6 59.
a7 Qd1 60. Ra6+ Kh7 61. Qh2+ 1-0

[Event "BL 0809 SC Kreuzberg - OSG Baden Baden"]
[Site "Eppingen GER"]
[Date "2008.12.14"]
[Round "9"]
[White "Kalinitschew, Sergei"]
[Black "Dautov, Rustem"]
[Result "1/2-1/2"]
[WhiteElo "2492"]
[BlackElo "2601"]
[PlyCount "42"]
[EventDate "2008.10.03"]
[EventType "team"]
[EventRounds "15"]
[EventCountry "GER"]
[Source "Mark Crowther"]
[SourceDate "2008.12.15"]
[WhiteTeamCountry "TRI"]

1. d4 Nf6 2. c4 e6 3. Nc3 Bb4 4. Qc2 O-O 5. a3 Bxc3+ 6. Qxc3 b6 7. Bg5 Ba6 8.
Qf3 Nc6 9. e3 h6 10. Bxf6 Qxf6 11. Qxf6 gxf6 12. Nf3 d6 13. Be2 Ne7 14. Nd2 Bb7
15. Bf3 Bxf3 16. Nxf3 f5 17. Ke2 Kg7 18. Rac1 a5 19. b3 Kf6 20. Rhd1 Rg8 21. g3
Rgd8 1/2-1/2

[Event "BL 0809 SC Kreuzberg - OSG Baden Baden"]
[Site "Eppingen GER"]
[Date "2008.12.14"]
[Round "9"]
[White "Schlosser, Philipp"]
[Black "Berger, Steve"]
[Result "1/2-1/2"]
[WhiteElo "2567"]
[BlackElo "2413"]
[PlyCount "63"]
[EventDate "2008.10.03"]
[EventType "team"]
[EventRounds "15"]
[EventCountry "GER"]
[Source "Mark Crowther"]
[SourceDate "2008.12.15"]
[WhiteTeamCountry "TRI"]

1. c4 Nf6 2. Nf3 e6 3. Nc3 Bb4 4. g3 O-O 5. Bg2 d5 6. a3 Be7 7. d4 dxc4 8. Ne5
c5 9. dxc5 Qxd1+ 10. Nxd1 Bxc5 11. Be3 Nbd7 12. Nxc4 Nd5 13. Bxc5 Nxc5 14. Nde3
Nxe3 15. Nxe3 Nb3 16. Rd1 a5 17. O-O Rb8 18. Nc4 b5 19. Ne5 f6 20. Nc6 Rb7 21.
Rd3 a4 22. Rfd1 Rc7 23. Rd6 Re8 24. Nb4 Na5 25. Rb6 Nc4 26. Rxb5 Nxb2 27. Ra1
Nc4 28. Nd3 Bd7 29. Rb4 Nd2 30. Rd1 Nb3 31. Nb2 Rec8 32. Bf1 1/2-1/2

[Event "BL 0809 SC Kreuzberg - OSG Baden Baden"]
[Site "Eppingen GER"]
[Date "2008.12.14"]
[Round "9"]
[White "Schmidt Schaeffer, Sebastian"]
[Black "Doettling, Fabian"]
[Result "1/2-1/2"]
[WhiteElo "2383"]
[BlackElo "2564"]
[PlyCount "73"]
[EventDate "2008.10.03"]
[EventType "team"]
[EventRounds "15"]
[EventCountry "GER"]
[Source "Mark Crowther"]
[SourceDate "2008.12.15"]
[WhiteTeamCountry "TRI"]

1. f4 d5 2. Nf3 g6 3. e3 Bg7 4. Be2 Nf6 5. O-O O-O 6. d4 c5 7. Ne5 Nbd7 8. Bf3
Qc7 9. Nc3 e6 10. a4 a6 11. a5 b5 12. axb6 Nxb6 13. Bd2 Nfd7 14. b3 Bb7 15. Ra2
f6 16. Nxd7 Nxd7 17. Na4 f5 18. c3 a5 19. Qc2 Rfc8 20. Rc1 Bf8 21. Qd1 c4 22.
bxc4 dxc4 23. Rb1 Bd5 24. Bc1 Rcb8 25. Rxb8 Rxb8 26. Ba3 Bxa3 27. Rxa3 Qc6 28.
Kf2 Rb5 29. Ra2 Rb3 30. h3 Qb5 31. Qc2 Kf7 32. h4 h5 33. Ke2 Qc6 34. Qc1 Qb5
35. Qc2 Qc6 36. Qc1 Qb5 37. Qc2 1/2-1/2

[Event "BL 0809 SC Kreuzberg - TV Tegernsee"]
[Site "?"]
[Date "2009.01.31"]
[Round "10.1"]
[White "Khenkin, Igor"]
[Black "Maksimenko, Andrei"]
[Result "1/2-1/2"]
[WhiteElo "2647"]
[BlackElo "2536"]
[PlyCount "217"]
[EventDate "2009.??.??"]

1. d4 d5 2. c4 c6 3. Nf3 Nf6 4. Qb3 dxc4 5. Qxc4 e6 6. g3 b5 7. Qd3 Nbd7 8. Bg2
Bb7 9. O-O a6 10. Nfd2 Qb6 11. a4 Be7 12. axb5 axb5 13. Rxa8+ Bxa8 14. Nc3 O-O
15. Nb3 Nd5 16. e4 Nxc3 17. Qxc3 c5 18. dxc5 Bxc5 19. Nxc5 Qxc5 20. Qxc5 Nxc5
21. f3 Rc8 22. Rd1 Bc6 23. Bf1 f5 24. Be3 Nb3 25. Rd3 Na5 26. Rc3 Nc4 27. Bxc4
bxc4 28. Rxc4 fxe4 29. fxe4 Kf7 30. Bd4 Bb7 31. Ra4 Ra8 32. Rc4 Rc8 33. Ra4 Ra8
34. Rb4 Bc6 35. Rc4 Rc8 36. Bc3 Bd7 37. Rb4 Rc5 38. Rb7 Ke8 39. Rb8+ Kf7 40.
Rb7 Ke8 41. Bxg7 Bc6 42. Rb8+ Kf7 43. Bc3 Bxe4 44. Rb4 Bc6 45. Rg4 h5 46. Rg7+
Ke8 47. Kf2 Rf5+ 48. Ke3 Kf8 49. Rc7 Bd5 50. b4 Rf3+ 51. Ke2 h4 52. gxh4 Rh3
53. Bf6 Rxh2+ 54. Ke3 e5 55. Rc5 Rh3+ 56. Kd2 Kf7 57. Bxe5 Rxh4 58. Rxd5 Rxb4
59. Kd3 Ke6 60. Ra5 Rb1 61. Bd4 Rd1+ 62. Ke4 Re1+ 63. Be3 Kd6 64. Ra6+ Kd7 65.
Kd4 Rd1+ 66. Kc5 Ke7 67. Bd4 Kf7 68. Kd5 Ke7 69. Ra7+ Kd8 70. Rh7 Kc8 71. Ke5
Kd8 72. Bb6+ Ke8 73. Ke6 Re1+ 74. Kd6 Rd1+ 75. Kc6 Kf8 76. Rb7 Kg8 77. Bc5 Rf1
78. Bd4 Rf7 79. Rb1 Rf3 80. Kd5 Kf7 81. Rb7+ Kg6 82. Ke4 Ra3 83. Rg7+ Kh6 84.
Rg2 Ra4 85. Ke5 Ra5+ 86. Kf6 Ra6+ 87. Kf5 Kh7 88. Bf6 Ra5+ 89. Be5 Ra6 90. Rg7+
Kh6 91. Rg8 Kh5 92. Rb8 Rc6 93. Rb1 Rc4 94. Ra1 Rb4 95. Ra6 Rg4 96. Bf4 Rg5+
97. Ke4 Rg6 98. Ra1 Kg4 99. Be5 Kh5 100. Rf1 Kg4 101. Bf6 Kh3 102. Kf5 Kg2 103.
Ra1 Rg8 104. Ke4 Rg4+ 105. Ke3 Rg6 106. Be5 Kh3 107. Kf4 Rg4+ 108. Kf5 Rb4 109.
Ra2 1/2-1/2

[Event "BL 0809 SC Kreuzberg - TV Tegernsee"]
[Site "?"]
[Date "2009.01.31"]
[Round "10.4"]
[White "Schilow, Vladimir"]
[Black "Bischoff, Klaus"]
[Result "1/2-1/2"]
[WhiteElo "2410"]
[BlackElo "2545"]
[PlyCount "42"]
[EventDate "2009.??.??"]

1. e4 c5 2. Nf3 d6 3. d4 Nf6 4. Nc3 cxd4 5. Nxd4 a6 6. g3 e5 7. Nb3 Nbd7 8. a4
b6 9. Bg2 Bb7 10. O-O Rc8 11. Re1 Rc7 12. Bg5 Be7 13. Nd2 h6 14. Bxf6 Nxf6 15.
Nf1 O-O 16. Ne3 Qa8 17. Qd3 Rfc8 18. Ncd5 Nxd5 19. exd5 g6 20. c3 Bf8 21. f4
exf4 1/2-1/2

[Event "BL 0809 SC Kreuzberg - TV Tegernsee"]
[Site "?"]
[Date "2009.01.31"]
[Round "10.5"]
[White "Boensch, Uwe"]
[Black "Richter, Michael"]
[Result "1/2-1/2"]
[WhiteElo "2523"]
[BlackElo "2421"]
[PlyCount "63"]
[EventDate "2009.??.??"]

1. d4 d5 2. c4 e6 3. Nf3 c6 4. e3 Bd6 5. Bd3 f5 6. O-O Nf6 7. b3 Qe7 8. Bb2 O-O
9. Ne5 Nbd7 10. Nd2 Ne4 11. a3 a5 12. f4 Rd8 13. Ndf3 Ndf6 14. c5 Bc7 15. Qe1
Bd7 16. Rc1 Be8 17. Rc2 Nd7 18. h3 Nxe5 19. Nxe5 Bxe5 20. fxe5 g5 21. a4 Bg6
22. Bc3 Qc7 23. h4 h6 24. hxg5 hxg5 25. Bxe4 dxe4 26. g4 Rd7 27. gxf5 Bxf5 28.
Rh2 Rh7 29. Qg3 Rxh2 30. Kxh2 Qh7+ 31. Kg2 Qh4 32. Rh1 1/2-1/2

[Event "BL 0809 SC Kreuzberg - TV Tegernsee"]
[Site "?"]
[Date "2009.01.31"]
[Round "10.6"]
[White "Kalinitschew, Sergey"]
[Black "Teske, Henrik"]
[Result "1/2-1/2"]
[WhiteElo "2492"]
[BlackElo "2513"]
[PlyCount "35"]
[EventDate "2009.??.??"]

1. e4 e5 2. Nf3 Nf6 3. Nxe5 d6 4. Nf3 Nxe4 5. Nc3 Nxc3 6. dxc3 Nc6 7. Bf4 Be7
8. Qd2 Bg4 9. Be2 Qd7 10. O-O-O O-O-O 11. Rhe1 Kb8 12. h3 Be6 13. Ng5 Bxg5 14.
Bxg5 f6 15. Be3 Rhe8 16. b3 g5 17. f3 Ne5 18. f4 1/2-1/2

[Event "BL 0809 SC Kreuzberg - TV Tegernsee"]
[Site "?"]
[Date "2009.01.31"]
[Round "10.7"]
[White "Hertneck, Gerald"]
[Black "Tischbierek, Raj"]
[Result "1/2-1/2"]
[WhiteElo "2519"]
[BlackElo "2459"]
[PlyCount "105"]
[EventDate "2009.??.??"]

1. d4 d5 2. c4 c6 3. Nf3 Nf6 4. Nc3 dxc4 5. a4 Na6 6. e3 Bg4 7. Bxc4 e6 8. h3
Bh5 9. g4 Bg6 10. Ne5 Nb4 11. Nxg6 hxg6 12. Kf1 Qc7 13. g5 Nh5 14. e4 Rd8 15.
Be3 Be7 16. Qe2 O-O 17. Rd1 c5 18. d5 exd5 19. Nxd5 Qe5 20. Qg4 Nxd5 21. Rxd5
Rxd5 22. Bxd5 Kh7 23. Kg2 f5 24. gxf6 Rxf6 25. Rd1 Bd6 26. Kf1 Qxb2 27. Qc8 Rf8
28. Qxb7 Qe5 29. Bf7 Nf6 30. f4 Qxe4 31. Qxe4 Nxe4 32. Bd5 Bxf4 33. Bxe4 Bxe3+
34. Ke2 Bd4 35. Rf1 Re8 36. Kd3 Rb8 37. Rf7 Rb3+ 38. Kc2 Rxh3 39. Rxa7 c4 40.
Rd7 Rh2+ 41. Kd1 Bf6 42. Rd2 Rh4 43. Re2 Rg4 44. a5 Rg1+ 45. Kc2 Ra1 46. Rh2+
Kg8 47. Bd5+ Kf8 48. Bxc4 Rxa5 49. Kd3 Rf5 50. Ke4 Rh5 51. Rxh5 gxh5 52. Kf5
Ke7 53. Be2 1/2-1/2

[Event "BL 0809 USV TU Dresden - Bayern München"]
[Site "?"]
[Date "2009.01.31"]
[Round "10.1"]
[White "Marcelin, Cyril"]
[Black "Maiwald, Jens-Uwe"]
[Result "1/2-1/2"]
[WhiteElo "2494"]
[BlackElo "2508"]
[PlyCount "44"]
[EventDate "2009.??.??"]

1. e4 c5 2. Nf3 e6 3. g3 Nc6 4. Bg2 Nf6 5. Qe2 d5 6. d3 Be7 7. O-O O-O 8. e5
Ne8 9. c4 Nc7 10. Nc3 a6 11. b3 b5 12. Rd1 Bb7 13. d4 b4 14. Na4 cxd4 15. Nxd4
Qe8 16. Bb2 Rd8 17. Rac1 a5 18. Nb6 Nxd4 19. Bxd4 Ba6 20. Qb2 dxc4 21. Nxc4
Bxc4 22. Rxc4 Nd5 1/2-1/2

[Event "BL 0809 USV TU Dresden - Bayern München"]
[Site "?"]
[Date "2009.01.31"]
[Round "10.2"]
[White "Gauglitz, Gernot"]
[Black "Bezold, Michael"]
[Result "1/2-1/2"]
[WhiteElo "2397"]
[BlackElo "2513"]
[PlyCount "97"]
[EventDate "2009.??.??"]

1. d4 Nf6 2. Nf3 g6 3. g3 Bg7 4. Bg2 O-O 5. O-O d6 6. c4 a6 7. Nc3 Nc6 8. b3
Rb8 9. Bb2 b5 10. cxb5 axb5 11. d5 Na5 12. Nd4 b4 13. Na4 Bb7 14. e4 Re8 15.
Re1 Nd7 16. Rc1 e5 17. Nb5 Bh6 18. Rc2 Re7 19. Bc1 Bxc1 20. Qxc1 Bxd5 21. Rxc7
Nf8 22. exd5 Rxb5 23. Rc8 Qd7 24. Bf1 Rb7 25. Ra8 Ra7 26. Nb6 Qc7 27. Rxa7 Qxc1
28. Rxc1 Rxa7 29. Nc8 Rd7 30. Bb5 Rd8 31. Rc7 Kg7 32. Ba6 Nd7 33. Ne7 Nc5 34.
Bc8 Kf6 35. Kf1 Re8 36. Nc6 Nxc6 37. dxc6 Ne6 38. Bxe6 Kxe6 39. Rb7 Rc8 40. c7
Kd7 41. Rxb4 Rxc7 42. a4 Kc6 43. Ke2 d5 44. Kd3 Rb7 45. Rxb7 Kxb7 46. b4 Kb6
47. Kc3 Kc6 48. Kb3 Kb6 49. Kc3 1/2-1/2

[Event "BL 0809 USV TU Dresden - Bayern München"]
[Site "?"]
[Date "2009.01.31"]
[Round "10.3"]
[White "Belezky, Alexander"]
[Black "Seifert, Volker"]
[Result "1-0"]
[WhiteElo "2466"]
[BlackElo "2360"]
[PlyCount "55"]
[EventDate "2009.??.??"]

1. Nf3 Nf6 2. g3 d5 3. Bg2 e6 4. d3 Be7 5. O-O O-O 6. Nbd2 c5 7. e4 Nc6 8. Re1
b5 9. e5 Nd7 10. Nf1 a5 11. h4 Ba6 12. Bf4 b4 13. h5 a4 14. h6 g6 15. N1h2 a3
16. b3 Rc8 17. Ng4 c4 18. dxc4 dxc4 19. Qd2 cxb3 20. cxb3 Nc5 21. Qe3 Qd3 22.
Bg5 Qxe3 23. Rxe3 Rc7 24. Rc1 Bb7 25. Bf6 Rfc8 26. Bxe7 Nxe7 27. Nf6+ Kh8 28.
Ng5 1-0

[Event "BL 0809 USV TU Dresden - Bayern München"]
[Site "?"]
[Date "2009.01.31"]
[Round "10.4"]
[White "Hoffmann, Paul"]
[Black "Jorczik, Julian"]
[Result "1/2-1/2"]
[WhiteElo "2338"]
[BlackElo "2382"]
[PlyCount "84"]
[EventDate "2009.??.??"]

1. e4 e6 2. d4 d5 3. Nc3 Nf6 4. Bg5 Bb4 5. e5 h6 6. Bd2 Bxc3 7. bxc3 Ne4 8. Qg4
Kf8 9. Bd3 Nxd2 10. Kxd2 c5 11. h4 c4 12. Bf1 b5 13. Rh3 Nc6 14. Ne2 Bd7 15. a3
a5 16. Rf3 Ne7 17. h5 b4 18. axb4 axb4 19. Rxa8 bxc3+ 20. Nxc3 Qxa8 21. Qf4 Be8
22. g4 Qa7 23. Ne2 Nc6 24. Bg2 Nb4 25. Qe3 Qa2 26. Qc3 Qb1 27. Rh3 Ba4 28. Rh1
Qxc2+ 29. Qxc2 Nxc2 30. Rc1 Nb4 31. Rb1 Nd3 32. Rb8+ Be8 33. f4 Ke7 34. f5 Rf8
35. Nc3 Nf4 36. Bh1 Nd3 37. Bf3 Kd7 38. Bd1 Kc7 39. Ra8 Kb7 40. Rd8 Kc7 41. Ra8
Kb7 42. Rd8 Kc7 1/2-1/2

[Event "BL 0809 USV TU Dresden - Bayern München"]
[Site "?"]
[Date "2009.01.31"]
[Round "10.5"]
[White "Renner, Christoph"]
[Black "Eichner, Sebastian"]
[Result "1-0"]
[WhiteElo "2422"]
[BlackElo "2326"]
[PlyCount "117"]
[EventDate "2009.??.??"]

1. e4 e6 2. d3 d5 3. Qe2 Be7 4. Nf3 Nf6 5. g3 c5 6. Bg2 Nc6 7. O-O O-O 8. e5
Nd7 9. c4 dxc4 10. dxc4 b6 11. Nc3 a6 12. Bf4 Ra7 13. Rad1 Qc7 14. Rfe1 Qb8 15.
Ne4 Ndxe5 16. Nxe5 Nxe5 17. Ng5 f6 18. Nxh7 Rd8 19. Rxd8+ Bxd8 20. Qh5 g6 21.
Bxe5 gxh5 22. Nxf6+ Bxf6 23. Bxb8 Rd7 24. Bf3 Rd2 25. Re2 Rd1+ 26. Kg2 h4 27.
g4 Rd4 28. b3 Rd3 29. h3 b5 30. cxb5 axb5 31. Rc2 Rc3 32. Rxc3 Bxc3 33. Bc6 Ba6
34. Kf3 Bd4 35. Ba7 e5 36. Ke4 b4 37. g5 Bf1 38. Bd7 Kf7 39. Bf5 Ba6 40. Kd5
Bb7+ 41. Kd6 Bxf2 42. Bxc5 Bg3 43. Bxb4 e4+ 44. Kd7 e3 45. g6+ Kf6 46. Bd3 Be5
47. Be7+ Kg7 48. Bxh4 Bg2 49. Be1 Bxh3+ 50. Kc6 Be6 51. Bc2 Bb2 52. a4 Bc1 53.
a5 Bd2 54. Bxd2 exd2 55. a6 Bg4 56. a7 d1=Q 57. Bxd1 Bxd1 58. b4 Kxg6 59. Kc7
1-0

[Event "BL 0809 USV TU Dresden - Bayern München"]
[Site "?"]
[Date "2009.01.31"]
[Round "10.7"]
[White "Reich, Thomas"]
[Black "Graf, Felix"]
[Result "1/2-1/2"]
[WhiteElo "2404"]
[BlackElo "2287"]
[PlyCount "80"]
[EventDate "2009.??.??"]

1. d4 e6 2. c4 Nf6 3. Nf3 b6 4. g3 Ba6 5. Qa4 Bb7 6. Bg2 c5 7. O-O Bc6 8. Qb3
cxd4 9. Nxd4 Bxg2 10. Kxg2 Nc6 11. Nxc6 dxc6 12. Bg5 Be7 13. Nc3 O-O 14. Bxf6
Bxf6 15. Rad1 Qc7 16. Ne4 Be7 17. f4 Rae8 18. Qd3 f5 19. Nc3 Bf6 20. Qd7 Re7
21. Qxc7 Rxc7 22. Rd3 Rd8 23. Rxd8+ Bxd8 24. Rd1 Bf6 25. Kf3 Kf7 26. Rd3 Ke7
27. e4 fxe4+ 28. Kxe4 a6 29. a4 c5 30. Ne2 b5 31. axb5 axb5 32. cxb5 Bxb2 33.
Rb3 Bf6 34. g4 h6 35. b6 Rb7 36. Kd3 Kd6 37. Kc4 Kc6 38. Re3 Re7 39. Rb3 Rb7
40. Re3 Re7 1/2-1/2

[Event "BL 0809 USV TU Dresden - Bayern München"]
[Site "?"]
[Date "2009.01.31"]
[Round "10.8"]
[White "Salzmann, Peter"]
[Black "Unzicker, Ferdinand Dr"]
[Result "1/2-1/2"]
[WhiteElo "2209"]
[BlackElo "2313"]
[PlyCount "70"]
[EventDate "2009.??.??"]

1. d4 e6 2. c4 d5 3. Nc3 c5 4. cxd5 exd5 5. Nf3 Nc6 6. e3 Nf6 7. dxc5 Bxc5 8.
Be2 O-O 9. O-O a6 10. b3 Bg4 11. Bb2 Ba7 12. Nd4 Bxd4 13. Bxg4 Be5 14. Bf3 Qd6
15. h3 Rad8 16. Rb1 Rfe8 17. Ne2 Ne4 18. Bxe4 dxe4 19. Qxd6 Rxd6 20. Bxe5 Nxe5
21. Rb2 Nc6 22. Rc1 g6 23. g4 Kg7 24. Rc4 f5 25. Kg2 Red8 26. Ng3 Kf6 27. gxf5
gxf5 28. Rc5 Rd5 29. Rbc2 h6 30. h4 R8d7 31. Nh5+ Ke5 32. Nf4 Rxc5 33. Rxc5+
Kf6 34. Nh5+ Ke6 35. Nf4+ Kf6 1/2-1/2